C and datastructure (Record no. 182827)

000 -LEADER
fixed length control field 00387nam a2200133Ia 4500
008 - FIXED-LENGTH DATA ELEMENTS--GENERAL INFORMATION
fixed length control field 220217s9999||||xx |||||||||||||| ||und||
020 ## - INTERNATIONAL STANDARD BOOK NUMBER
International Standard Book Number 9788177224245
082 ## - DEWEY DECIMAL CLASSIFICATION NUMBER
Classification number 005.13 DES
100 ## - MAIN ENTRY--PERSONAL NAME
Personal name Deshpande P.S and Kakde O.G
9 (RLIN) 8135
245 #0 - TITLE STATEMENT
Title C and datastructure
260 ## - PUBLICATION, DISTRIBUTION, ETC.
Place of publication, distribution, etc. Dreamtech India pvt. Ltd.
Name of publisher, distributor, etc. New Delhi
Date of publication, distribution, etc. 2011
300 ## - PHYSICAL DESCRIPTION
Extent XV, 700p.
Other physical details 349
650 ## - SUBJECT ADDED ENTRY--TOPICAL TERM
Topical term or geographic name entry element PROGRAMMING LANGUAGE
Holdings
Withdrawn status Lost status Damaged status Not for loan Collection code Home library Current library Shelving location Date acquired Full call number Barcode Date last seen Price effective from Koha item type
        Computer Science and Engineering Central Library Central Library Book Cart 02/18/2022 005.13 DES 18016 02/18/2022 02/18/2022 Books

Powered by Koha